00325nam a22000857a 4500008004100000082002100041245012100062260004700183300000900230230605b xxu||||| |||| 00| 0 eng d a328.2096762bMWE aReport on the Seminar for the Parliamentary Committees Held at Whitesands Hotel on the 12th and 13th Septemeber 2002 aKenyabInstitute of Economic Affairsc2002 a72 p